<?xml version="1.0" encoding="UTF-8"?>
<record
    xmlns:xsi="http://www.w3.org/2001/XMLSchema-instance"
    xsi:schemaLocation="http://www.loc.gov/MARC21/slim http://www.loc.gov/standards/marcxml/schema/MARC21slim.xsd"
    xmlns="http://www.loc.gov/MARC21/slim">

  <leader>01278nam a22001817a 4500</leader>
  <controlfield tag="003">OSt</controlfield>
  <controlfield tag="005">20201014090714.0</controlfield>
  <controlfield tag="008">201013b         2010 dr 00| 0 eng d</controlfield>
  <datafield tag="040" ind1=" " ind2=" ">
    <subfield code="a">DO-SdBNP</subfield>
    <subfield code="b">spa</subfield>
    <subfield code="c">BNPHU</subfield>
  </datafield>
  <datafield tag="110" ind1="1" ind2=" ">
    <subfield code="a">Rep&#xFA;blica Dominicana</subfield>
    <subfield code="9">447</subfield>
  </datafield>
  <datafield tag="240" ind1="1" ind2="0">
    <subfield code="a">Constituci&#xF3;n (2010)</subfield>
  </datafield>
  <datafield tag="245" ind1="1" ind2="0">
    <subfield code="a">Constituci&#xF3;n de la Rep&#xFA;blica Dominicana /</subfield>
    <subfield code="c">presentaci&#xF3;n, C&#xE9;sar Pina Toribio.</subfield>
  </datafield>
  <datafield tag="260" ind1=" " ind2=" ">
    <subfield code="a">Santo Domingo :</subfield>
    <subfield code="b">Ministerio de la Presidencia de la Rep&#xFA;blica Dominicana,</subfield>
    <subfield code="c">2010.</subfield>
  </datafield>
  <datafield tag="300" ind1=" " ind2=" ">
    <subfield code="a">XI, 190 p</subfield>
    <subfield code="c">23 cm. </subfield>
  </datafield>
  <datafield tag="505" ind1="0" ind2=" ">
    <subfield code="a">Presentaci&#xF3;n --</subfield>
    <subfield code="t">De la Naci&#xF3;n, del Estado, de su gobierno y de sus principios fundamentales --</subfield>
    <subfield code="t">De los derechos, garant&#xED;as y deberes fundamentales --</subfield>
    <subfield code="t">Del Poder Legislativo --</subfield>
    <subfield code="t">Del Poder Ejecutivo --</subfield>
    <subfield code="t">Del Poder Judicial --</subfield>
    <subfield code="t">Del Consejo Nacional de la Magistratura --</subfield>
    <subfield code="t">Del control constitucional --</subfield>
    <subfield code="t">Del Defensor del Pueblo --</subfield>
    <subfield code="t">Del ordenamiento del territorio y de la administraci&#xF3;n local --</subfield>
    <subfield code="t">Del Sistema electoral --</subfield>
    <subfield code="t">Del r&#xE9;gimen econ&#xF3;mico y financiero y de la C&#xE1;mara de Cuentas --</subfield>
    <subfield code="t">De las Fuerzas Armadas, de la Polic&#xED;a Nacional y de la Seguridad y Defensa --</subfield>
    <subfield code="t">De los Estados de Excepci&#xF3;n --</subfield>
    <subfield code="t">De las Reformas Constitucionales --</subfield>
    <subfield code="t">Disposiciones generales y transitorias --</subfield>
    <subfield code="t">Firmas --</subfield>
    <subfield code="t"> &#xCD;ndice alfab&#xE9;tico. </subfield>
  </datafield>
  <datafield tag="942" ind1=" " ind2=" ">
    <subfield code="2">ddc</subfield>
    <subfield code="c">LBS1</subfield>
  </datafield>
  <datafield tag="952" ind1=" " ind2=" ">
    <subfield code="0">0</subfield>
    <subfield code="1">0</subfield>
    <subfield code="2">ddc</subfield>
    <subfield code="7">0</subfield>
    <subfield code="8">MO</subfield>
    <subfield code="a">PD</subfield>
    <subfield code="b">PD</subfield>
    <subfield code="c">CT</subfield>
    <subfield code="d">2020-10-13</subfield>
    <subfield code="e">Francisco C&#xE1;ceres </subfield>
    <subfield code="l">0</subfield>
    <subfield code="r">2020-10-13</subfield>
    <subfield code="w">2020-10-13</subfield>
    <subfield code="y">LBS1</subfield>
  </datafield>
  <datafield tag="956" ind1=" " ind2=" ">
    <subfield code="a">LOPEREZ</subfield>
  </datafield>
  <datafield tag="999" ind1=" " ind2=" ">
    <subfield code="c">48868</subfield>
    <subfield code="d">48868</subfield>
  </datafield>
</record>
